000 00298nam a22001337a 4500
008 170411b xxu||||| |||| 00| 0 eng d
020 _a0070510133
041 _aeng
080 _24 ED
_a618
100 _a10
101 _aSHM
245 _aOBSTETRICS AND GYNECOLOGY
_cEVANS.M.I
942 _2udc
_cBK
999 _c10377
_d10377